000 00456nam a22001577a 4500
999 _c60503
_d60503
005 20230808140430.0
008 230808s1986 ge ||||| |||| 00| 0 ger d
020 _a3323000269
041 _ager
080 _a94(038) L-44
245 _aLexikon der Antike.
264 _aLeipzig,
_b
_c1986.
300 _a639 p.:
_bill.;
_c24 cm.
653 _aანტიკური ტერმონოლოგიის ლექსიკონი
942 _2udc
_cBK